000 01304nam a2200313 c 4500
999 _c51610
_d51610
001 51610
003 ES-MaCES
005 20201209102109.0
008 201209s2020 ssp f 000|0|spad|
020 _a9788430943401 (o.c.)
040 _aES-MaCES
_bspa
_cES-MaCES
245 0 0 _aManual de Derecho Constitucional
_cFrancisco Balaguer Callejón (coord.) ; [autores], Gregorio Cámara Villar ... [et al.]
250 _a15ª ed
260 _aMadrid
_bTecnos
_c2020
300 _a2 v.
_c24 p.
500 0 _aV. I: Constitución y fuentes del Derecho, Derecho constitucional europeo, Tribunal Constitucional, Estado autonómico. - DL M 17374-2020. - ISBN 9788430979875 (V. I). - 527 p. -- V. 2: Derechos y libertades fundamentales, deberes constitucionales y principios rectores y órganos constitucionales. - DL M 17375-2020. - ISBN 9788430979882 (V. II). - 680 p.
541 _cCompra
650 4 _aconstitución
_927193
650 4 _aderecho constitucional
_927158
650 4 _aderecho comunitario
_929866
650 4 _aUE
_926752
650 4 _aEspaña
_926964
650 4 _amanual
_929264
653 1 0 _aDerecho constitucional
700 1 _96927
_aBalaguer Callejón, Francisco
_ecoord.
700 1 _98795
_aCámara Villar, Gregorio
902 _aLIB Libro
942 _2CES
_cBK
_h6.0.3.